Pulpo y arena : (Registro nro. 30626)

Detalles MARC
000 -LEADER
fixed length control field 01621nam a2200385Ia 4500
003 - CONTROL NUMBER IDENTIFIER
control field CO-CtgCURN
005 - DATE AND TIME OF LATEST TRANSACTION
control field 20250822155456.0
008 - FIXED-LENGTH DATA ELEMENTS--GENERAL INFORMATION
fixed length control field 191115s2006 xx g 000 0 spa d
020 ## - INTERNATIONAL STANDARD BOOK NUMBER
International Standard Book Number 9583397083
040 ## - CATALOGING SOURCE
Original cataloging agency CO-CtgCURN
Language of cataloging spa
Transcribing agency coctgcurn
082 ## - DEWEY DECIMAL CLASSIFICATION NUMBER
Classification number Co863.44
Item number P982
245 #0 - TITLE STATEMENT
Title Pulpo y arena :
Remainder of title selección de cuentos /
Statement of responsibility, etc. editora., Zoila Sotomayor; autores., José Luis Campanari [y otros diez, etc...]
260 ## - PUBLICATION, DISTRIBUTION, ETC.
Place of publication, distribution, etc. Barranquilla, Atlántico :
Name of publisher, distributor, etc. Fundación Luneta 50
Date of publication, distribution, etc. 2006
300 ## - PHYSICAL DESCRIPTION
Extent 66 páginas ;
Dimensions 20 centímetros
500 ## - GENERAL NOTE
General note Incluye índice
505 ## - FORMATTED CONTENTS NOTE
Formatted contents note El camarón encantado -- Dos hombres -- Una boda por todo lo alto -- Ánimas en pena -- Pulpo y arena -- La excusa -- Espejos -- Mis primeros hijos -- Aquella inolvidable procesión -- Ruega por nosotros -- Aristóbulo, el vaquero
521 ## - TARGET AUDIENCE NOTE
Target audience note AREA BASICA
586 ## - AWARDS NOTE
Awards note 9° Festival Internacional de Cuenteros: el Caribe cuenta
590 ## - LOCAL NOTE (RLIN)
Local note Todos los programas académicos
650 ## - SUBJECT ADDED ENTRY--TOPICAL TERM
Topical term or geographic name entry element Cuentos colombianos
9 (RLIN) 2694
700 ## - ADDED ENTRY--PERSONAL NAME
Personal name Sotomayor, Zoila
Relator term editora
9 (RLIN) 2695
700 ## - ADDED ENTRY--PERSONAL NAME
Personal name Campanari, José Luis
Relator term autor
700 ## - ADDED ENTRY--PERSONAL NAME
Personal name Pazó, Candido
Relator term autor
700 ## - ADDED ENTRY--PERSONAL NAME
Personal name Prieto, Benita
Relator term autora
700 ## - ADDED ENTRY--PERSONAL NAME
Personal name Zambrano, Raimundo
Relator term autor
700 ## - ADDED ENTRY--PERSONAL NAME
Personal name Urquía, Mérida
Relator term autora
700 ## - ADDED ENTRY--PERSONAL NAME
Personal name Diaz, Alexander
Relator term autor
700 ## - ADDED ENTRY--PERSONAL NAME
Personal name Pachón, Carlos
Relator term autor
700 ## - ADDED ENTRY--PERSONAL NAME
Personal name Morón, William
Relator term autor
700 ## - ADDED ENTRY--PERSONAL NAME
Personal name Rambauth, Felipe
Relator term autor
700 ## - ADDED ENTRY--PERSONAL NAME
Personal name Esparza, Ruth
Relator term autora
700 ## - ADDED ENTRY--PERSONAL NAME
Personal name Angulo, Felipe Fernando
Relator term autor
942 ## - ADDED ENTRY ELEMENTS (KOHA)
Koha item type Libros
Classification part Co863.44
Item part P982
Source of classification or shelving scheme Dewey Decimal Classification
Suppress in OPAC No
Existencias
Withdrawn status Lost status Source of classification or shelving scheme Damaged status Not for loan Collection Home library Current library Shelving location Date acquired Inventory number Total checkouts Full call number Barcode Date last seen Copy number Price effective from Koha item type
    Dewey Decimal Classification       Miguel Henríquez Castañeda Barranquilla Miguel Henríquez Castañeda Barranquilla General 11/08/2019 04756   Co863.44 P982 04756 11/15/2019 ej.1 11/15/2019 Libros